000 00862nam a22002777a 4500
001 0034487
003 KOHA_MİRAKIL
005 20260207002920.0
007 ta
008 111221b fr |||gr||||#||||1|fre |
040 _aTR-BiSEU
_btur
_cTR-BiSEU
_erda
041 0 _afre
044 _cfr
050 _aPC2112
_b.P37 1940
100 1 _aParker, Clifford S..
245 1 _aFrench Practice Book: rules and exercises for intermediate french in high schools, junior colleges and colleges/
_cClifford S. Parker ; Clifford S.Parker.
250 _a1940
264 1 _aBoston :
_bHeat and Company
300 _a287 s. ;
_c21 cm.
336 _ametin
_btxt
_2rdacontent
337 _aaracısız
_bn
_2rdamedia
338 _acilt
_bnc
_2rdacarrier
650 0 _aFransızca--dilbilgisi.
_966529
650 0 _aFransızca--dilbilgisi.
_966529
942 _2lcc
_cBK
999 _c34398
_d34398